| 000 | 00489nam a2200181Ia 4500 | ||
|---|---|---|---|
| 999 |
_c28588 _d28588 |
||
| 003 | OSt | ||
| 005 | 20201124113438.0 | ||
| 008 | 190216s9999||||xx |||||||||||||| ||und|| | ||
| 020 | _a9788122605198 | ||
| 040 | _coclc | ||
| 082 |
_a894.8123 _bBRI/M |
||
| 100 |
_aBritto, Simon _96889 |
||
| 245 | 0 |
_aMaharaudram / _cSimon Britto |
|
| 260 |
_bDc Books, _aKottayam: _c2006. |
||
| 300 | _a423p | ||
| 650 | _aNovel | ||
| 942 |
_cBK _2ddc _h894.8123 _iBRI/M _k894.8123 _mBRI/M |
||